Normal view MARC view
  • Supervisor: Dr. Salman Abdul Ghafoor; Co-Supervisor: Dr. Mohsin Jamil

Entry Personal Name

Number of records used in: 1

001 - CONTROL NUMBER

  • control field: 96805

003 - CONTROL NUMBER IDENTIFIER

  • control field: NUST

005 - DATE AND TIME OF LATEST TRANSACTION

  • control field: 20220811095013.0

008 - FIXED-LENGTH DATA ELEMENTS

  • fixed length control field: 220811|| aca||aabn | a|a d

040 ## - CATALOGING SOURCE

  • Original cataloging agency: NUST
  • Transcribing agency: NUST

100 ## - HEADING--PERSONAL NAME

  • Personal name: Supervisor: Dr. Salman Abdul Ghafoor; Co-Supervisor: Dr. Mohsin Jamil

670 ## - SOURCE DATA FOUND

  • Source citation: Work cat.: (NUST): Sufyan, Abu 96804, Super-Twisting Integral Sliding Mode Control for a Three Phase Grid Connected Voltage Source Inverter with an LCL Filter /
© 2023 Central Library, National University of Sciences and Technology. All Rights Reserved.